Vista normal
Vista MARC
Entrada Materia (tema)
Número de registros utilizados en: 1
001 - CONTROL NUMBER
- control field: 180065
003 - CONTROL NUMBER IDENTIFIER
- control field: Co-BoUCM
005 - DATE AND TIME OF LATEST TRANSACTION
- control field: 20240222132519.0
008 - FIXED-LENGTH DATA ELEMENTS
- fixed length control field: 240222|| aca||aabn | a|a d
040 ## - CATALOGING SOURCE
- Original cataloging agency: Co-BoUCM
- Transcribing agency: Co-BoUCM
150 ## - HEADING--TOPICAL TERM
- Topical term or geographic name as entry element: Conservación de los recursos naturales
- Chronological subdivision: 1994-2014
- Geographic subdivision: Colombia
670 ## - SOURCE DATA FOUND
- Source citation: Work cat.: (Co-BoUCM)302833: Guhl Nannetti, Ernesto 76150, La gestión ambiental en Colombia, 1994 - 2014, 2015